<?xml version="1.0" encoding="UTF-8"?>
<record
    xmlns:xsi="http://www.w3.org/2001/XMLSchema-instance"
    xsi:schemaLocation="http://www.loc.gov/MARC21/slim http://www.loc.gov/standards/marcxml/schema/MARC21slim.xsd"
    xmlns="http://www.loc.gov/MARC21/slim">

  <leader>00900nam a2200181Ia 4500</leader>
  <controlfield tag="008">090124s9999    xx            000 0 und d</controlfield>
  <datafield tag="082" ind1=" " ind2=" ">
    <subfield code="b">26209</subfield>
  </datafield>
  <datafield tag="100" ind1=" " ind2=" ">
    <subfield code="a">&#x91A;&#x93F;&#x91F;&#x923;&#x940;&#x938; &#x936;&#x94D;&#x930;&#x940;. &#x917;&#x94B;. &#x915;&#x947;.</subfield>
  </datafield>
  <datafield tag="245" ind1=" " ind2=" ">
    <subfield code="a"> &#x930;&#x93E;&#x91C;&#x94D;&#x92F;&#x915;&#x930;&#x94D;&#x924;&#x947; &#x917;&#x93E;&#x92F;&#x915;&#x935;&#x93E;&#x921; &#x915;&#x93E;&#x902;&#x939;&#x940; &#x910;&#x924;&#x93F;&#x939;&#x93E;&#x930;&#x93F;&#x915; &#x92A;&#x94D;&#x930;&#x938;&#x902;&#x917; (1920 - 1820)</subfield>
  </datafield>
  <datafield tag="250" ind1=" " ind2=" ">
    <subfield code="a">1</subfield>
  </datafield>
  <datafield tag="260" ind1=" " ind2=" ">
    <subfield code="b">&#x938;&#x94C;. &#x938;&#x94D;&#x92E;&#x93F;&#x924;&#x93E; &#x938;&#x902;&#x91C;&#x940;&#x935; &#x91A;&#x93F;&#x91F;&#x923;&#x940;&#x938;</subfield>
    <subfield code="c">1985</subfield>
  </datafield>
  <datafield tag="300" ind1=" " ind2=" ">
    <subfield code="a">246</subfield>
  </datafield>
  <datafield tag="600" ind1=" " ind2=" ">
    <subfield code="a">&#x91A;&#x93F;&#x91F;&#x923;&#x940;&#x938; &#x936;&#x94D;&#x930;&#x940;. &#x917;&#x94B;. &#x915;&#x947;.</subfield>
  </datafield>
  <datafield tag="630" ind1=" " ind2=" ">
    <subfield code="a"> &#x930;&#x93E;&#x91C;&#x94D;&#x92F;&#x915;&#x930;&#x94D;&#x924;&#x947; &#x917;&#x93E;&#x92F;&#x915;&#x935;&#x93E;&#x921; &#x915;&#x93E;&#x902;&#x939;&#x940; &#x910;&#x924;&#x93F;&#x939;&#x93E;&#x930;&#x93F;&#x915; &#x92A;&#x94D;&#x930;&#x938;&#x902;&#x917; (1920 - 1820)</subfield>
  </datafield>
  <datafield tag="700" ind1=" " ind2=" ">
    <subfield code="a">&#x91A;&#x93F;&#x91F;&#x923;&#x940;&#x938; &#x936;&#x94D;&#x930;&#x940;. &#x917;&#x94B;. &#x915;&#x947;.</subfield>
  </datafield>
  <datafield tag="730" ind1=" " ind2=" ">
    <subfield code="a"> &#x930;&#x93E;&#x91C;&#x94D;&#x92F;&#x915;&#x930;&#x94D;&#x924;&#x947; &#x917;&#x93E;&#x92F;&#x915;&#x935;&#x93E;&#x921; &#x915;&#x93E;&#x902;&#x939;&#x940; &#x910;&#x924;&#x93F;&#x939;&#x93E;&#x930;&#x93F;&#x915; &#x92A;&#x94D;&#x930;&#x938;&#x902;&#x917; (1920 - 1820)</subfield>
  </datafield>
  <datafield tag="942" ind1=" " ind2=" ">
    <subfield code="c">BOOK</subfield>
  </datafield>
  <datafield tag="999" ind1=" " ind2=" ">
    <subfield code="c">93848</subfield>
    <subfield code="d">93848</subfield>
  </datafield>
  <datafield tag="952" ind1=" " ind2=" ">
    <subfield code="0">0</subfield>
    <subfield code="1">0</subfield>
    <subfield code="4">0</subfield>
    <subfield code="7">0</subfield>
    <subfield code="a">THNNWM</subfield>
    <subfield code="b">THNNWM</subfield>
    <subfield code="d">0000-00-00</subfield>
    <subfield code="g">75.00</subfield>
    <subfield code="l">0</subfield>
    <subfield code="o">26209</subfield>
    <subfield code="p">THNNWM-26209</subfield>
    <subfield code="r">2009-01-24 00:00:00</subfield>
    <subfield code="v">75.00</subfield>
    <subfield code="w">2009-01-24</subfield>
    <subfield code="y">BOOK</subfield>
  </datafield>
</record>
